| 000 | 01519cam a22003374a 4500 | ||
|---|---|---|---|
| 001 | 11846449 | ||
| 003 | OSt | ||
| 005 | 20180116192416.0 | ||
| 008 | 991119s2000 enkab b 001 0 eng | ||
| 010 | _a 99059055 | ||
| 020 | _a0192853465 | ||
| 040 |
_aDLC _cDLC _dDLC |
||
| 042 | _apcc | ||
| 050 | 0 | 0 |
_aGN316 _b.M64 2000 |
| 082 | 0 | 0 |
_a306 _221 |
| 100 | 1 |
_aMonaghan, John. _96637 |
|
| 245 | 1 | 0 |
_aSocial and cultural anthropology : _ba very short introduction / _cJohn Monaghan and Peter Just. |
| 260 |
_aOxford [England] _aNew York : _bOxford University Press, _c2000. |
||
| 300 |
_a155 p. : _bill., maps ; _c18 cm. |
||
| 440 | 0 |
_aVery short introductions _96638 |
|
| 504 | _aIncludes bibliographical references (p. 143-148) and index. | ||
| 650 | 0 |
_aEthnology. _96639 |
|
| 700 | 1 |
_aJust, Peter. _96640 |
|
| 856 | 4 | 2 |
_3Publisher description _uhttp://www.loc.gov/catdir/enhancements/fy0603/99059055-d.html |
| 856 | 4 | 1 |
_3Table of contents only _uhttp://www.loc.gov/catdir/enhancements/fy0603/99059055-t.html |
| 856 | 4 | 2 |
_3Contributor biographical information _uhttp://www.loc.gov/catdir/enhancements/fy0725/99059055-b.html |
| 906 |
_a7 _bcbc _corignew _d1 _eocip _f19 _gy-gencatlg |
||
| 942 |
_2ddc _cBK |
||
| 999 |
_c353725 _d353725 |
||